Detalles MARC
| 000 -LEADER |
| fixed length control field |
02306nam a2200397 i 4500 |
| 001 - CONTROL NUMBER |
| control field |
000029824 |
| 003 - CONTROL NUMBER IDENTIFIER |
| control field |
DO-SdBPM |
| 005 - DATE AND TIME OF LATEST TRANSACTION |
| control field |
20241212104842.0 |
| 007 - PHYSICAL DESCRIPTION FIXED FIELD--GENERAL INFORMATION |
| fixed length control field |
ta |
| 008 - FIXED-LENGTH DATA ELEMENTS--GENERAL INFORMATION |
| fixed length control field |
110426s2011 dr g 001 0 spa d |
| 020 ## - INTERNATIONAL STANDARD BOOK NUMBER |
| International Standard Book Number |
9789945469356 |
| 040 ## - CATALOGING SOURCE |
| Original cataloging agency |
DO-SdBPM |
| Language of cataloging |
spa |
| Transcribing agency |
BPMSU |
| Description conventions |
rda |
| 082 #4 - DEWEY DECIMAL CLASSIFICATION NUMBER |
| Classification number |
306.97293 |
| Item number |
T266v 2011 |
| Edition number |
22 |
| 100 1# - MAIN ENTRY--PERSONAL NAME |
| Personal name |
Tejeda Ortiz, Dagoberto, |
| Dates associated with a name |
1940- |
| Relator term |
autor |
| 245 10 - TITLE STATEMENT |
| Title |
Vida cotidiana del Santo Domingo colonial / |
| Statement of responsibility, etc. |
Dagoberto Tejeda Ortiz. |
| 264 #1 - PRODUCTION, PUBLICATION, DISTRIBUTION, MANUFACTURE, AND COPYRIGHT NOTICE |
| Place of production, publication, distribution, manufacture |
Santo Domingo : |
| Name of producer, publisher, distributor, manufacturer |
Editora Nacional, |
| Date of production, publication, distribution, manufacture, or copyright notice |
2011. |
| 300 ## - PHYSICAL DESCRIPTION |
| Extent |
194 páginas ; |
| -- |
24 cm. |
| 336 ## - CONTENT TYPE |
| Source |
rdacontent |
| Content type term |
texto |
| Content type code |
txt |
| 337 ## - MEDIA TYPE |
| Source |
rdamedia |
| Media type term |
sin mediación |
| Media type code |
n |
| 338 ## - CARRIER TYPE |
| Source |
rdacarrier |
| Carrier type term |
volumen |
| Carrier type code |
nc |
| 490 0# - SERIES STATEMENT |
| Series statement |
Pensamiento dominicano |
| 500 ## - GENERAL NOTE |
| General note |
Incluye datos biográficos del autor en la solapa de la cubierta. |
| 504 ## - BIBLIOGRAPHY, ETC. NOTE |
| Bibliography, etc |
Bibliografía : p. 191-194. |
| 504 ## - BIBLIOGRAPHY, ETC. NOTE |
| Bibliography, etc |
Incluye bibliografía y notas al pie de páginas. |
| 505 0# - FORMATTED CONTENTS NOTE |
| Miscellaneous information |
Presentación -- |
| Title |
Santo Domingo Colonial, Ciudad primada de América, Patrimonio Cultural de la Humanidad -- |
| -- |
Santo Domingo: Ciudad primada de América -- |
| -- |
Parafernalia y folklore de las festividades religiosas y los desfiles político-militares -- |
| -- |
El carnaval de Santo Domingo colonial -- |
| -- |
El folklore de las actividades lúdicos recreativas -- |
| -- |
Las cofradías como centros de festividades y del folklore -- |
| -- |
El folklore, religiosidad y la cruz en la simbolización -- |
| -- |
El folklore religioso de las creencias y la fe -- |
| -- |
El folklore de la ética y de las manifestaciones morales -- |
| -- |
El folklore y la cultura africana en el Santo Domingo colonial -- |
| -- |
El folklore de los relatos, las leyendas y las tradiciones -- |
| -- |
El folklore del teatro, de la literatura y de la poesía popular -- |
| Miscellaneous information |
Bibliografía. |
| 590 ## - LOCAL NOTE (RLIN) |
| Local note |
Inventariado, 2024/VM |
| 650 #4 - SUBJECT ADDED ENTRY--TOPICAL TERM |
| Topical term or geographic name as entry element |
Cultura popular |
| General subdivision |
Historia |
| Geographic subdivision |
República Dominicana |
| Chronological subdivision |
Siglos XVII-XVIII |
| 650 #4 - SUBJECT ADDED ENTRY--TOPICAL TERM |
| Topical term or geographic name as entry element |
Folclor |
| Geographic subdivision |
República Dominicana |
| 650 #4 - SUBJECT ADDED ENTRY--TOPICAL TERM |
| Topical term or geographic name as entry element |
Espectáculos populares |
| General subdivision |
Aspectos religiosos |
| 651 #4 - SUBJECT ADDED ENTRY--GEOGRAPHIC NAME |
| Geographic name |
Santo Domingo (República Dominicana) |
| General subdivision |
Vida social y costumbres |
| Chronological subdivision |
Siglos XVII-XVIII |
| 651 #0 - SUBJECT ADDED ENTRY--GEOGRAPHIC NAME |
| Geographic name |
República Dominicana |
| General subdivision |
Historia |
| Chronological subdivision |
Colonia, 1503-1844 |
| 651 #4 - SUBJECT ADDED ENTRY--GEOGRAPHIC NAME |
| Geographic name |
República Dominicana |
| General subdivision |
Condiciones Sociales |
| 710 2# - ADDED ENTRY--CORPORATE NAME |
| Corporate name or jurisdiction name as entry element |
Ministerio de Cultura (República Dominicana) |
| 910 ## - USER-OPTION DATA (OCLC) |
| User-option data |
VMateo V. Control de calidad. BPMSU |
| 942 ## - ADDED ENTRY ELEMENTS (KOHA) |
| Source of classification or shelving scheme |
Dewey Decimal Classification |
| Koha item type |
Libros |